| 000 | 00632nam a22002057i 4500 | ||
|---|---|---|---|
| 999 |
_c23236 _d23236 |
||
| 003 | AR-CdUCM | ||
| 008 | 250305b20112011spa||||| |||| 00| 0 eng d | ||
| 020 | _a978-84-9825-327-6 | ||
| 040 |
_aMUNICIPALIDAD PROVINCIAL DEL CUSCO _cBIBLIOTECA MUNICIPAL DEL CUSCO |
||
| 041 | _hspa | ||
| 082 |
_aPI / 869.56 / B29D _bB29D |
||
| 100 |
_aGuidoux, Valérie _933028 |
||
| 245 | _a¿Quién eres? El delfín / | ||
| 260 |
_aBarcelona : _bCombel Editorial: _c2011 |
||
| 300 |
_a23 páginas. : _c24x20 cm. |
||
| 505 | _aEl delfín | ||
| 700 |
_aHernández, Pau Joan (traductor). _951072 |
||
| 942 |
_2ddc _cLIBROS |
||
| 945 |
_apbjr _d5-03-2025 |
||